000 00503nam a2200181Ia 4500
005 20250326125450.0
008 250326s9999 xx 000 0 und d
037 _aTextbook
040 _aFMSL
_beng
_cFMSL
041 _aeng
_2eng
084 _aY M1
_qFMSL
100 _aHimmelstrand U
_9739147
245 0 _aBeyond welfare capitalism
_cHimmelstrand U; Ahrne G And Others
260 _aLondon
_bLondon, Heinemann
_c1981
300 _a370p
942 _cTB
_hY M1
999 _c1278181
_d1278181